Англіцизми в німецькій мові. За матеріалами журналів ХХІ ст.: Bild, Der Spigel, Brand eins, Euro, Stern, Wirtschaftswoche, Bild der Wissenschaft, Connect, Britte, Cosmopolitan, Sport Bild, Kicker... (Запис № 284912)

МАРК-запис
000 -LEADER
fixed length control field 02084nam a22001577a 4500
041 ## - LANGUAGE CODE
Language code of text/sound track or separate title ukr
080 ## - UNIVERSAL DECIMAL CLASSIFICATION NUMBER
Universal Decimal Classification number 09
090 ## - LOCALLY ASSIGNED LC-TYPE CALL NUMBER (OCLC); LOCAL CALL NUMBER (OCLC)
Local cutter number (OCLC) ; Book number/undivided call number, CALL (RLIN) ГЮБ
100 ## - MAIN ENTRY--PERSONAL NAME
Personal name Гюбнер Т. В.
245 ## - TITLE STATEMENT
Title Англіцизми в німецькій мові. За матеріалами журналів ХХІ ст.: Bild, Der Spigel, Brand eins, Euro, Stern, Wirtschaftswoche, Bild der Wissenschaft, Connect, Britte, Cosmopolitan, Sport Bild, Kicker...
260 ## - PUBLICATION, DISTRIBUTION, ETC. (IMPRINT)
Place of publication, distribution, etc Острог
Name of publisher, distributor, etc КАф
Date of publication, distribution, etc 2012
300 ## - PHYSICAL DESCRIPTION
Extent 51
520 ## - SUMMARY, ETC.
Summary, etc РОЗДІЛ 1. ІСТОРІЯ ПОЯВИ, ОСНОВНІ СФЕРИ ВИКОРИСТАННЯ ТА ПРИЧИНИ ВЖИВАННЯ АНГЛІЦИЗМІВ У НІМЕЦЬКІЙ МОВІ.<br/>1.1. Історичний огляд та причини появи англіцизмів у німецькій мові.<br/>1.2. Основні сфери вживання англіцизмів.<br/>1.3. Причини використання англійських запозичень різними галузями спеціалізації.<br/>РОЗДІЛ 2. ОСОБЛИВОСТІ ВЖИВАННЯ АНГЛІЙСЬКИХ ЗАПОЗИЧЕНЬ У МОВІ ПРЕСИ.<br/>2.1. Стилістичні аспекти використання англіцизмів у мові преси.<br/>2.2. Здатність німецькомовних читачів розуміти англіцизми у мові преси.<br/>2.3. Ставлення до англіцизмів у німецькомовних країнах.<br/>РОЗДІЛ 3. КЛАСИФІКАЦІЯ АНГЛІЦИЗМІВ ТА ЇХ ІНТЕГРАЦІЯ В СИСТЕМУ НІМЕЦЬКОЇ МОВИ.<br/>3.1. Особливості орфографії англійських запозичень у німецькій мові.<br/>3.2. Фонологічні зміни, яких зазнають англіцизми під впливом німецької мови.<br/>3.3. Морфологічні особливості англіцизмів у німецькій мові.
-- англіцизми
650 ## - SUBJECT ADDED ENTRY--TOPICAL TERM
Topical term or geographic name as entry element Research Papers
942 ## - ADDED ENTRY ELEMENTS (KOHA)
Koha item type Книги
Фонди
Withdrawn status Lost status Source of classification or shelving scheme Damaged status Not for loan Home library Current library Date acquired Source of acquisition Cost, normal purchase price Total Checkouts Full call number Barcode Date last seen Price effective from Koha item type
    Universal Decimal Classification     ВІЛ - Відділ іноземн. літератури НБ ВІЛ - Відділ іноземн. літератури НБ 17/09/2012 Акт №4 1.00   09 214887 09/11/2021 17/09/2012 Книги